000 00319nam a2200121Ia 4500
008 180117s9999 xx 000 0 und d
100 _aby Efren R Abueg
245 4 _aThe Dawn of Tagalog Fiction
260 _c2017
300 _a17-20 pages, 2017 April 16
440 _aPhilippine Panorama
650 _aTAGALOG FICTION
999 _c353549
_d353549